Normal view MARC view

Entry Personal Name

Number of records used in: 1

001 - CONTROL NUMBER

  • control field: 57866

003 - CONTROL NUMBER IDENTIFIER

  • control field: OSt

005 - DATE AND TIME OF LATEST TRANSACTION

  • control field: 20251114144838.0

008 - FIXED-LENGTH DATA ELEMENTS

  • fixed length control field: 251114|| aca||aabn | a|a d

040 ## - CATALOGING SOURCE

  • Original cataloging agency: OSt
  • Transcribing agency: OSt

100 ## - HEADING--PERSONAL NAME

  • Personal name: Kumar, Neeraj and Varman, P. Mahendra

670 ## - SOURCE DATA FOUND

  • Source citation: Work cat.: (OSt)527531: Kumar, Neeraj and Varman, P. Mahendra , Is GDP a good measure of people’s well-being? Evidence from BRICS nations.

Powered by Koha